000 00436nam a2200169Ia 4500
008 240729s9999 xx 000 0 und d
022 _a2046-0481
245 0 _aIrish Veterinary Journal
260 _aUnited Kingdom
260 _bBMC
650 _a Animal culture
650 _a Veterinary medicine
650 _aAgriculture
856 _uhttps://doaj.org/toc/ffefe560cf56412fb08968f74e050795
942 _2ddc
942 _cDOAJEJ
999 _c73995
_d73995
945 _a1
_bMadushi Gamage
_c1
_dMadushi Gamage